El nuevo extractivismo del siglo XXI: diez tesis sobre el extractivismo bajo el progresismo sudamericano actual/
Uloženo v:
| Hlavní autor: | |
|---|---|
| Médium: | Kniha |
| Jazyk: | Spanish |
| Tagy: |
Přidat tag
Žádné tagy, Buďte první, kdo vytvoří štítek k tomuto záznamu!
|
MARC
| LEADER | 00000nam a22000007a 4500 | ||
|---|---|---|---|
| 003 | cru CIDCACS/IIS | ||
| 005 | 20190123094309.0 | ||
| 007 | ta | ||
| 008 | 190118s2010 mx |||p|r||||||0| ||spa|d | ||
| 999 | |c 42098 |d 42098 | ||
| 040 | |c cru CIDCACS/IIS | ||
| 100 | 1 | |9 5017 |a Gudynas, Eduardo | |
| 245 | 1 | 3 | |a El nuevo extractivismo del siglo XXI: |b diez tesis sobre el extractivismo bajo el progresismo sudamericano actual/ |c Eduardo Gudynas |
| 300 | |a páginas 12-17: |b tabla, gráfico | ||
| 773 | 0 | |0 42054 |9 2611 |a Centro de Estudios del Movimiento Obrero y Socialista (México) |d México D.F: CEMOS |o 17707 |t Memoria = |x 01861395 | |
| 942 | |2 ddc |c PP | ||
